000
00294nam a22001337a 4500
008
170606b xxu||||| |||| 00| 0 eng d
020
_a
9780395415023
041
_a
eng
080
_a
94(6)
100
_a
18
101
_a
SHH
245
_a
CAMPING WITH THE PRINCE
_c
BASS,TH.A
942
_2
udc
_c
BK
999
_c
16144
_d
16144